| 000 | 00804cam a2200289 | 4500 | ||
|---|---|---|---|
| 999 |
_c5337 _d5337 |
||
| 003 | CaAEU | ||
| 005 | 20220407134549.0 | ||
| 008 | 092976s1974 ilu 0 eng l | ||
| 020 | _a0930264525 | ||
| 040 | _cALUPE UNIVERSITY | ||
| 043 | _an-us--- | ||
| 049 | _aaeu | ||
| 050 | 0 |
_aKF 1713 Z9 _bH28 1974 |
|
| 090 | 0 | 0 |
_aKF 1713 Z9 H28 1974 _bAEU |
| 100 | 1 | _aHarl, Neil E. | |
| 245 | 1 | 0 | _aFarm estate & business planning. |
| 250 | _aRev. 2d. ed. | ||
| 260 |
_aSkokie, Ill., _bAgri Business Publications, _cc1974. |
||
| 300 |
_a149 p. _c20 cm. |
||
| 336 |
_atext _btxt _2rdacontent |
||
| 337 |
_aunmediated _bn _2rdamedia |
||
| 338 |
_avolume _bnc _2rdacarrier |
||
| 583 | 1 | _5AEU | |
| 650 | 0 |
_aFarm corporations _zUnited States. |
|
| 650 | 0 |
_aEstate planning _zUnited States. |
|
| 942 |
_2lcc _cBK _nMM |
||